header

At loggerheads? (Record no. 88129)

MARC details
000 -LEADER
fixed length control field 01671nam a2200409Ia 4500
082 04 - DEWEY DECIMAL CLASSIFICATION NUMBER
Classification number 333.75
100 1# - MAIN ENTRY--AUTHOR NAME
Personal name Chomitz, Kenneth M.
245 10 - TITLE STATEMENT
Title At loggerheads?
260 ## - PUBLICATION, DISTRIBUTION, ETC. (IMPRINT)
Place of publication Washington, DC :
Name of publisher World Bank,
Year of publication 2007.
300 ## - PHYSICAL DESCRIPTION
Number of Pages xvii, 284 p. :
Other physical details col. ill. , col. maps.
490 1# - SERIES STATEMENT
Series statement World Bank policy research report
650 #0 - SUBJECT ADDED ENTRY--TOPICAL TERM
Topical Term Agriculture
Topical Term Deforestation
Topical Term Deforestation
Topical Term Deforestation
Topical Term Forest policy
856 40 - ELECTRONIC LOCATION AND ACCESS
Uniform Resource Identifier http://site.ebrary.com/lib/rucke/Doc?id=10146801

No items available.

© 2026 Rongo University
Contact us: librarian | system librarian | Rongo university